000 00934nam a2200265Ia 4500
003 OSt
005 20221005110421.0
006 a|||||r|||| 00| 0
007 ta
008 221004b |||||||| |||| 00| 0 hin d
020 _a9788170164883 (hbk)
_c650
024 _a21065
037 _b462, 21/03/2015, Limpid Books Service
_cTextual
040 _aCRL
_cCRL
_bhin
041 _2hin
_ahin
082 _aNT44wN, 152Q4
100 _aतनेजा, जयदेव
245 0 _aरंग - साक्षात्कार
246 _aRanga - sākṣhātkāra
260 _aनई दिल्ली
_bकिताबघर प्रकाशन भारत
_c2014
300 _a387पृ0
_ccm.
650 _aल्थ्ल्त् क्ल्ज्ञ
942 _hNT44wN, 152Q4
_cTEXL
_2cc
999 _c1018739
_d1018739